|
|
|
|
| LEADER |
00000nab a2200000 a 4500 |
| 001 |
vtls000601428 |
| 003 |
SK-MaSNL |
| 005 |
20260304181339.0 |
| 008 |
250425c1996 xo 0 slo |
| 015 |
|
|
|a SNBRB19rr/mm-uuuuu
|
| 035 |
|
|
|a CL0601567
|
| 035 |
|
|
|a urn:nbn:sk:snk-ab7e4z
|
| 035 |
|
|
|a (uuid)44d5c01a-a91b-4e47-9827-59f882bcead4
|
| 035 |
|
|
|a (urnnbn)urn:nbn:sk:snk:ar-a07wmi
|
| 035 |
|
|
|a (sysno)vtls000601428
|
| 040 |
|
|
|a SNKBUCL
|b slo
|c SNKBUCL
|e AACR2
|
| 041 |
0 |
|
|a slo
|
| 044 |
|
|
|a xo
|c SK
|
| 080 |
|
|
|a 82(091):885.4
|2 1981
|
| 080 |
|
|
|a 885.4(091)
|2 1981
|
| 080 |
|
|
|a 82:301
|2 1981
|
| 245 |
0 |
0 |
|a Anketa
|b (potreba nového čítania)
|
| 300 |
|
|
|b Fotogr. 12
|
| 650 |
0 |
7 |
|a slovenská literatúra
|2 snkbucl
|9 1115
|
| 655 |
|
7 |
|a články z novín a časopisov
|2 snkbucl
|9 267496
|
| 700 |
1 |
|
|a Maťovčík, Augustín,
|d 1937-
|4 aut
|9 98490
|
| 700 |
1 |
|
|a Marušiak, Jozef,
|d 1932-2018
|4 aut
|9 108614
|
| 700 |
1 |
|
|a Kružliak, Imrich,
|d 1914-2019
|4 aut
|9 105619
|
| 700 |
1 |
|
|a Kovalčík, Vlastimil,
|d 1939-
|4 aut
|9 102390
|
| 700 |
1 |
|
|a Drug, Štefan,
|d 1931-2011
|4 aut
|9 169513
|
| 700 |
1 |
|
|a Červeňák, Andrej,
|d 1932-2012
|4 aut
|9 153402
|
| 700 |
1 |
|
|a Zambor, Ján,
|d 1947-
|4 aut
|9 106743
|
| 700 |
1 |
|
|a Jackanin, Ivan,
|d 1950-
|4 aut
|9 103637
|
| 700 |
1 |
|
|a Choma, Vasiľ,
|d 1927-2017
|4 aut
|9 183974
|
| 700 |
1 |
|
|a Ďurišin, Dionýz,
|d 1929-1997
|4 aut
|9 106572
|
| 700 |
1 |
|
|a Moravčík, Štefan,
|d 1943-
|4 aut
|9 98697
|
| 700 |
1 |
|
|a Andruška, Peter,
|d 1943-2024
|4 aut
|9 92598
|
| 773 |
0 |
|
|t Literika
|g Roč. 1, č. 2 (1996), s. 9-185
|x 1335-180X
|
| 850 |
|
|
|a Slovenská národná knižnica
|
| 852 |
|
|
|a Slovenská národná knižnica
|
| 954 |
|
|
|a odborná, vedecká literatúra pôvodná (slovenská)
|2 lita
|
| 958 |
|
|
|a article27
|
| 958 |
|
|
|a LX
|
| 958 |
|
|
|a SK
|
| 958 |
|
|
|a RK
|
| 958 |
|
|
|a OND
|
| 958 |
|
|
|a EUIPO
|
| 999 |
|
|
|c 3023402
|d 3025332
|